昭和48年経済の回顧と課題:石油危機下の日本経済

Saved in:
Bibliographic Details
Corporate Author: 経済企画庁調査局
Format: Book
Language:Undetermined
Published: 東京 大蔵省印刺局 1974
Subjects:
Tags: Add Tag
No Tags, Be the first to tag this record!
Institutions: Trung tâm Học liệu Trường Đại học Cần Thơ
LEADER 00524nam a2200181Ia 4500
001 CTU_80696
008 210402s9999 xx 000 0 und d
082 |a 330.9 
082 |b K27 
110 |a 経済企画庁調査局 
245 0 |a 昭和48年経済の回顧と課題:石油危機下の日本経済 
245 0 |c 経済企画庁調査局 
260 |a 東京 
260 |b 大蔵省印刺局 
260 |c 1974 
650 |a Economic 
904 |i Ngoc,Hải 
980 |a Trung tâm Học liệu Trường Đại học Cần Thơ